000 00954cam a2200313 i 4500
999 _c9828
_d9828
001 9828
003 BD-JhCC
005 20180402083052.0
008 180401s1981 nyua b 001 0 eng
020 _a0155034731 (pbk.)
035 _a(BD-JhCC)9828
040 _aDLC
_cDLC
_dDLC
_dBD-JhCC
041 _aeng
050 0 0 _aN6447
_b.S426 1981
082 0 0 _a709/.04
_bSEL 1981
100 1 _aSelz, Peter Howard,
_d1919-
245 1 0 _aArt in our times :
_ba pictorial history, 1890-1980 /
_cPeter Selz.
250 _aTextbook ed.
260 _aNew York :
_bHarcourt, Brace Jovanovich :
_bAbrams,
_c1981.
300 _a590 p. :
_bill. (some col.) ;
_c29 cm.
500 _aIncludes index.
504 _aBibliography: p. 559-565.
650 0 _aArt, Modern
_y19th century.
650 0 _aArt, Modern
_y20th century.
650 0 _aArchitecture, Modern
_y19th century.
650 0 _aArchitecture, Modern
_y20th century.
942 _2ddc
_cREF